Linguistics and information science

Saved in:
Bibliographic Details
Main Author: Sparck Jones, Karen, 1935-
Corporate Author: International Federation for Documentation. Committee on Linguistics in Documentation
Other Authors: Kay, Martin (joint author.)
Format: Book
Language:English
Published: New York, Academic Press, 1973.
Series:Library and information science (New York, N.Y.)
Subjects:
LEADER 01443nam a2200337 4500
001 c000117943
003 CARM
005 00000000000000.0
008 730607s1973 nyu b 00110 eng
019 1 |a 578485  |5 LACONCORD2021 
020 |a 0126562504 
035 |a (OCoLC)658041  |5 LACONCORD2021 
050 0 0 |a Z699  |b .S635 
100 2 |a Sparck Jones, Karen,  |d 1935- 
245 1 0 |a Linguistics and information science  |c [by] Karen Sparck Jones [and] Martin Kay. 
260 |a New York,  |b Academic Press,  |c 1973. 
300 |a xii, 244 p.  |c 24 cm. 
490 1 |a Library and information science 
490 1 |a FID publ[ication] no. 492 
500 |a "Commissioned by the Committee on Linguistics in Documentation of the Federation internationale de documentation." 
504 |a Bibliography: p. 201-225. 
650 0 |a Information storage and retrieval systems. 
650 0 |a Linguistics. 
700 1 |a Kay, Martin.  |e joint author. 
710 2 0 |a International Federation for Documentation.  |b Committee on Linguistics in Documentation. 
810 2 |a International Federation for Documentation.  |t Publication ;  |v no. 492. 
830 0 |a Library and information science (New York, N.Y.) 
852 8 |b CARM  |h A2:AD04B0  |i B00420  |p 0021784  |f BK 
082 0 4 |a 029/.9/41 
999 f f |i edd04911-14be-5d24-9f88-61dfdfb88023  |s 214b1c39-5feb-51e1-83c7-9036f6cfcf15 
952 f f |p Can circulate  |a CAVAL  |b CAVAL  |c CAVAL  |d CARM 1 Store  |e B00420  |f A2:AD04B0  |h Other scheme  |i book  |m 0021784